000 00565nam a2200217Ia 4500
001 21646
003 GE_BSU
008 181216s||||||||xx |||||||||||||| ||und||
040 _cGE_BSU
100 _aStepanova,M. D.; Cernyseva I. I.
245 _aLexikologie der Deutschen gegenwarts-sprache
250 _a2 Auflage
260 _aMoskau
260 _bVyssaja skola
260 _c1986
300 _a248 p. 22cm.
541 _h84 Gel.
653 _aLexikologie der Deutschen gegenwarts-sprache
653 _aგერმანული ენა
942 _cBK
999 _c54580
_d54580